Most Famous Border Disputes in the World - Statistics

General Stats
  • This quiz has been taken 68 times
  • The average score is 19 of 26
Answer Stats
Disputed Territories Countries % Correct
Morocco
96%
West Bank, East Jerusalem, Gaza Strip Israel
90%
The Korean Peninsula North Korea
84%
South Korea
84%
United Kingdom
84%
Falkland Islands/Las Malvinas Argentina
82%
Gibraltar Spain
82%
United Kingdom
82%
Crimea Russia
80%
Ukraine
80%
Antarctica Argentina
78%
Mont Blanc Summit France
78%
Italy
78%
Kuril Islands Japan
76%
Russia
76%
Chile
73%
United Kingdom
73%
Golan Heights Israel
69%
Palestine
69%
Australia
67%
France
67%
Syria
67%
Lebanon
65%
Norway
63%
New Zealand
57%
Western Sahara Polisario Front
31%
No matching quizzes found
Score Distribution
Percent of People with Each Score
Percentile by Number Answered
Your Score History
You have not taken this quiz